Welcome to the Holygrace Academy Library

Please use search bar below to get started

LEELAVATIYUDE PENMAKKAL (Record no. 5548)

MARC details
000 -LEADER
fixed length control field 00366nam a22001457a 4500
020 ## - INTERNATIONAL STANDARD BOOK NUMBER
ISBN 978-93-83330-11-9
082 ## - DEWEY DECIMAL CLASSIFICATION NUMBER
Classification number 920
Item number GOD/L
100 ## - MAIN ENTRY--AUTHOR NAME
Personal name GODBOLE, ROHINI
245 ## - TITLE STATEMENT
Title LEELAVATIYUDE PENMAKKAL
260 ## - PUBLICATION, DISTRIBUTION, ETC. (IMPRINT)
Place of publication THRISSUR
Name of publisher KERALA SASTHRA SAHITHYA PARISHAD
Year of publication 2013
300 ## - PHYSICAL DESCRIPTION
Number of Pages 447
520 ## - SUMMARY, ETC.
Summary, etc ABOUT LADY SCIENTISTS
650 ## - SUBJECT ADDED ENTRY--TOPICAL TERM
Topical Term ABOUT LADY SCIENTISTS
942 ## - ADDED ENTRY ELEMENTS (KOHA)
Koha item type Books
Holdings
Withdrawn status Lost status Collection code Home library Current library Shelving location Date acquired Source of acquisition Cost, normal purchase price Full call number Accession Number Koha item type
    Fiction Main Library Main Library SHELF-16L- MALAYALAM BIOGRAPHY,STUDIES/CRITICISM 03/01/2018 Purchase 300.00 920 GOD/L 10151 Books